• 首页
  • 本馆介绍
  • 公告通知
  • 最新文献
  • 馆藏检索
  • 电子资源
  • 读者导购
  • 参考咨询
  • 我的图书馆
  • 登录
  • 详细信息显示
  • 放入我的书架
  • 预约/预借图书
  • 作者相关作品
  • 分类相关作品
  • 丛书相关作品
  • 出版社相关作品

书目信息

  • 表格格式
  • 工作单格式
  • 卡片格式
题名:
区域分析与规划
    
 
作者: 崔功豪 编著
分册:  
出版信息: 北京   高等教育出版社  1999
页数: 413页
开本: 23cm
丛书名:
单 册:
中图分类: F207
科图分类:
主题词: 国民经济--经济管理
电子资源:
ISBN: 7-07-007262-9
000 00533nam0 2200181 450
001 0736196517
005 20070924100316.51
010    @a7-07-007262-9@d¥27.40
100    @a20070924d km y0chiy0120 ea
101 0  @achi
200 1  @a区域分析与规划@Aqu yu fen xi yu gui hua@f崔功豪等编著@Fcui gong hao deng bian zhu
210    @a北京@c高等教育出版社@d1999
215    @a413页@d23cm
606 0  @a国民经济@x经济管理
690    @aF207@v3
701  0 @a崔功豪@Acui gong hao@4编著
801  0 @aCN@bPFT@c20070924
905    @a213230@dF207@eZY5@f1
    
    区域分析与规划/崔功豪等编著.-北京:高等教育出版社,1999
    413页;23cm
    
    
    ISBN 7-07-007262-9:¥27.40
    
●
相关链接 在E读中查询图书 在五车中查询图书 在当当中查询图书 在豆瓣中查询图书


正题名:区域分析与规划     索取号:F207/ZY5         预约/预借

序号 登录号 条形码 馆藏地/架位号 状态 备注
1 7900231   279002311   资源管理系资料室/ [索取号:F207/ZY5] 在馆    
唐山师范学院图书馆 欢迎您!
大连网信软件有限公司© 版权所有